| 000 | 005350000a22001810004500 | ||
|---|---|---|---|
| 003 | MACL | ||
| 005 | 20160410115902.0 | ||
| 008 | 160410b xxu||||| |||| 00| 0 eng d | ||
| 040 |
_aMACL _cMACL |
||
| 041 | _aHindi | ||
| 082 | _a080 | ||
| 100 |
_aमार्डेन स्वेट _951602 |
||
| 245 | _aसफलता आपके हाथ | ||
| 260 |
_aनई दिलली _bचेतन प्रकाशन _c2011 |
||
| 350 | _a200 | ||
| 650 |
_aसामान्य वर्ग _936 |
||
| 942 |
_cHIN _k080 _2ddc |
||
| 999 |
_c46789 _d46789 |
||